Autocad / (Record no. 276096)
[ view plain ]
| 000 -LEADER | |
|---|---|
| fixed length control field | 00277nam a2200121 a 4500 |
| 005 - DATE AND TIME OF LATEST TRANSACTION | |
| control field | 20141022141958.0 |
| 008 - FIXED-LENGTH DATA ELEMENTS--GENERAL INFORMATION | |
| fixed length control field | 120306s19uu xx 00 eng d |
| 050 ## - LIBRARY OF CONGRESS CALL NUMBER | |
| Classification number | CD |
| Item number | F87 2001 |
| 100 ## - MAIN ENTRY--PERSONAL NAME | |
| Personal name | Frey, David |
| 245 ## - TITLE STATEMENT | |
| Title | Autocad / |
| Statement of responsibility, etc | David Frey. |
| 260 ## - PUBLICATION, DISTRIBUTION, ETC. (IMPRINT) | |
| Date of publication, distribution, etc | 2001. |
| 942 ## - ADDED ENTRY ELEMENTS (KOHA) | |
| Koha item type | Audio Visual Materials |
| Withdrawn status | Lost status | Damaged status | Home library | Current library | Shelving location | Date acquired | Total Checkouts | Full call number | Barcode | Date last seen | Price effective from | Koha item type |
|---|---|---|---|---|---|---|---|---|---|---|---|---|
| College Library | College Library | Audio Visual Material Section | 03/06/2012 | CD F87 2001 | IT0010 | 04/12/2014 | 04/12/2014 | Audio Visual Materials |